Memòria /
Descripción Física:
Volums : taules ; 30 cm
MARC
| LEADER | 00000nam a2200000Ia 4500 | ||
|---|---|---|---|
| 001 | 24610, 24611, 24612, 24613, 24614, 24615, 24616, 24617, 24618, 24619, 24620, 24621, 24622, 24623, 24624, 24625, 24626, 21645 | ||
| 008 | 160829s2005 xx 000 0 cat d | ||
| 080 | |a Bib-266, Bib-267, Bib-268, Bib-269, Bib-270, Bib-271, Bib-272, Bib-273, Bib-274, Bib-275, Bib-276, Bib-277, Bib-278, Bib-279, Bib-280, Bib-281, E-1-334 | ||
| 110 | |a Barcelona (Catalunya : Província). |b Àrea d'Educació |9 8009 | ||
| 245 | |a Memòria / |c Diputació de Barcelona. Àrea d'Educació | ||
| 260 | |a Barcelona : |b la Diputació, |c 2005- | ||
| 300 | |a Volums : |b taules ; |c 30 cm | ||
| 610 | 1 | 0 | |a Barcelona (Catalunya : Província). |b Diputació |v Revistes |9 54166 |
| 610 | 0 | |9 8009 |a Barcelona (Catalunya : Província). |b Àrea d'Educació | |
| 866 | |a 1988 (1, 2), 1989 (1, 2), 1990 (2), 1991 (1, 2), 1992 (1, 2), 1993 (1, 2), 1995 (2), 1996 (1), 2000 (2), 2001 (2), 2002 (2), 2005 (1, 2) | ||
| 901 | |a Arxiu | ||
| 942 | |n 1 |2 udc | ||
| 952 | |0 0 |1 0 |4 0 |6 BIB266_BIB267_BIB268_BIB269_BIB270_BIB271_BIB272_BIB273_BIB274_BIB275_BIB276_BIB277_BIB278_BIB279_BIB280_BIB281_E1334 |7 1 |9 55146 |a Arxiu |b Arxiu |d 2016-12-01 |l 0 |o Bib-266, Bib-267, Bib-268, Bib-269, Bib-270, Bib-271, Bib-272, Bib-273, Bib-274, Bib-275, Bib-276, Bib-277, Bib-278, Bib-279, Bib-280, Bib-281, E-1-334 |p 24610, 24611, 24612, |r 2016-12-01 00:00:00 |w 2016-12-01 |y ARXIU | ||
| 952 | |0 0 |1 0 |4 0 |6 PDL |7 1 |9 63905 |a Arxiu |b Arxiu |d 2022-09-12 |h 2005 (Vol. I) |l 0 |o PDL |p 26820 |r 2022-09-12 00:00:00 |w 2022-09-12 |y ARXIU | ||
| 952 | |0 0 |1 0 |4 0 |6 BIB967 |7 1 |9 63906 |a Arxiu |b Arxiu |d 2022-09-12 |h 2005 (Vol. II) |o Bib-967 |p 26821 |r 2022-09-12 00:00:00 |w 2022-09-12 |y ARXIU | ||
| 999 | |c 59018 |d 59018 | ||